000 00706nam a2200265Ia 4500
005 20260121170152.0
008 008 260114s9999 xx 000 0 eng d
020 _a9783319664354
037 _aEBOOK
040 _aCRL
040 _beng
040 _cCRL
041 _2eng
041 _aeng
084 _qCRL
100 _aDaniel Archambault, Helen Purchase, Tobias Hoßfeld
_91060646
245 0 _aEvaluation in the Crowd. Crowdsourcing and Human-Centered Experiments
260 _bSpringer
260 _bSpringer
260 _c2017
856 _uhttps://link.springer.com/openurl?genre=book&isbn=978-3-319-66435-4
942 _cEBOOK
999 _c1626375
_d1626375